000 00500nam a2200181Ia 4500
005 20250326141528.0
008 250326s9999 xx 000 0 und d
037 _aTextbook
040 _aFMSL
_beng
_cFMSL
041 _aeng
_2eng
084 _qFMSL
100 _aSheth Jagdish N
245 0 _aConsumption values and market choice: Theory and applications
_cSheth Jagdish N
260 _aUSA
_bUSA, South Western Public
_c1991
300 _a224p
942 _cTB
999 _c1290731
_d1290731